000 00571nam a2200169 i 4500
001 83303
003 ES-MaACL
005 20230906174816.0
007 t|
008 041116s1981 sp ||||1| spa d
245 0 0 _aSalarios
_b: resultados correspondientes al tercer trimestre de 1980 /
_cInstituto Nacional de Estadística.
260 _aMadrid :
_b[s.n.],
_c1981.
300 _aXIII, 12 p. ;
_c24 cm.
650 4 _aSalarios-
_zEspaña-
_vEstadísticas.
_9151363
710 2 _aInstituto Nacional de Estadística (España)
_95162
852 _aES-MaACL
_j2119-F-4
_bR.101807
999 _c83303
_d83303